[Event "Druzynowe Mistrzostwa Polski - Ekstraliga 2023"]
[Site "Lublin"]
[Date "1899-12-30"]
[Round "1.26"]
[White "Grandelius, Nils"]
[Black "Leniart, Arkadiusz"]
[Result "1-0"]
[WhiteTitle "GM"]
[BlackTitle "GM"]
[WhiteElo "2681"]
[BlackElo "2503"]

1. Nf3 d5 2. e3 Nf6 3. c4 e6 4. b3 c5 5. cxd5 exd5 6. Bb5+ Nc6 7. Bb2 Bd6 8. O-O
O-O 9. d4 cxd4 10. Nxd4 Bc7 11. Nc3 Qd6 12. g3 Bd7 13. Be2 Nxd4 14. Qxd4 Qe6 15.
Na4 Qh3 16. Rac1 Bc6 17. Bf3 Rfe8 18. Bg2 Qh6 19. Qd1 Rad8 20. Bd4 Ba5 21. Nc3
Ne4 22. Nxe4 dxe4 23. Qe2 a6 24. Rfd1 Bb5 25. Qb2 Bb4 26. Bc3 Bxc3 27. Qxc3 Rxd1+
28. Rxd1 Qc6 29. Qb2 Qc5 30. h4 Bd3 31. Rc1 Qd6 32. Qc3 h5 33. Qc7 Qxc7 34. Rxc7
Re5 35. Bf1 Ra5 36. a4 Rd5 37. Rxb7 Rc5 38. Bxd3 exd3 39. Rd7 Rc3 40. b4 Rb3 41.
Rd4 f6 42. Kf1 Kf7 43. Ke1 Ke6 44. Kd2 g6 45. f3 f5 46. Rc4 Kd6 47. g4 hxg4 48.
fxg4 Kd5 49. Rd4+ Ke5 50. h5 g5 51. h6 Rb2+ 52. Kxd3 Rh2 53. Rc4 fxg4 54. Rc5+
Kf6 55. Ke4 Rb2 56. Rc6+ Kf7 57. Rc7+ Kg8 58. Rb7 g3 59. Kf5 Rf2+ 60. Kg6 Rf8
61. Rg7+ Kh8 62. Rh7+ Kg8 63. Rc7 Rb8 64. a5 g2 65. Rc1 Kh8 66. e4 Rg8+ 67. Kh5
Re8 68. Rg1 Rxe4 69. Rxg2 Rxb4 70. Rxg5 Rb8 71. Rc5 Rg8 72. Rc6 Rg1 73. Rxa6 Kh7
74. Ra7+ Kh8 75. Rc7 Ra1 76. Rc5 Kh7 77. Kg5 Rg1+ 78. Kf6 Kxh6 79. Ke7 Ra1 80.
Rc6+ Kg5 81. a6 Kf5 82. Kd6 Ke4 83. Kc7 Kd5 84. Kb7 Ra2 85. Rb6 1-0

[Event "Druzynowe Mistrzostwa Polski - Ekstraliga 2023"]
[Site "Lublin"]
[Date "1899-12-30"]
[Round "1.27"]
[White "Szpar, Milosz"]
[Black "Wieczorek, Oskar"]
[Result "1/2-1/2"]
[WhiteTitle "IM"]
[BlackTitle "GM"]
[WhiteElo "2477"]
[BlackElo "2494"]

1. Nf3 Nf6 2. c4 e6 3. b3 d5 4. Bb2 Bd6 5. Nc3 O-O 6. Nb5 Be7 7. Be5 Ne8 8. e3
a6 9. Nc3 c5 10. cxd5 exd5 11. Be2 Nc6 12. d4 Qa5 13. Qd2 cxd4 14. Bxd4 Nxd4 15.
Nxd4 Bb4 16. Rc1 Nf6 17. Bf3 Bd7 18. a3 Qxa3 19. O-O Rac8 20. Qd3 Qa5 21. Nce2
Rxc1 22. Rxc1 Rc8 23. Rd1 Bd6 24. Nf5 Bf8 25. g4 Qb5 26. Qxb5 Bxb5 27. Nf4 g6
28. Nd4 Bc6 29. Nxc6 bxc6 30. Rc1 Ba3 31. Rc2 Kg7 32. Nxd5 Nxd5 33. Bxd5 Bb4 34.
Bxc6 a5 35. Kg2 Kf6 36. Rc4 Rc7 37. Rf4+ Ke5 38. Re4+ Kd6 39. Bb5 Re7 40. Rf4
Bc3 41. h4 h6 42. Bc4 f6 43. h5 gxh5 44. gxh5 Rg7+ 45. Kf1 Rg5 46. Bf7 Ke7 47.
Bg6 Rb5 48. Re4+ Kd6 49. Bf7 Re5 50. Rh4 Ke7 51. Bc4 Rg5 52. Ke2 Kd6 53. Bd3 Rd5
54. Rh1 Rg5 55. Bg6 Rb5 56. Bf7 Ke7 57. Bc4 Rg5 58. f4 Rc5 59. Kd3 Bb4 60. e4
Kd6 61. Rh3 Ba3 62. Rh1 Bb4 63. Bd5 Rc7 64. Rg1 Rc3+ 65. Ke2 Re3+ 66. Kxe3 Bc5+
67. Kf3 Bxg1 68. Kg4 Be3 69. Kf5 Ke7 70. Bc4 Bd2 71. e5 fxe5 72. Kxe5 Bc1 73.
Kf5 Bd2 74. Bd5 Bc1 75. Ke4 Kf6 76. f5 Ba3 77. Bc4 Bb4 78. Kf4 Bd2+ 79. Kg4 Bb4
80. Bd3 Bc3 81. Bc2 Bb4 82. Bb1 Bf8 83. Bd3 Bg7 84. Kf4 Bh8 85. Ke4 Bg7 86. Be2
Bf8 87. Bd1 Ke5+ 1/2-1/2

[Event "Druzynowe Mistrzostwa Polski - Ekstraliga 2023"]
[Site "Lublin"]
[Date "1899-12-30"]
[Round "1.28"]
[White "Bartel, Mateusz"]
[Black "Nguyen, Piotr"]
[Result "1-0"]
[WhiteTitle "GM"]
[BlackTitle "IM"]
[WhiteElo "2621"]
[BlackElo "2394"]

1. e4 c5 2. Nf3 g6 3. Bc4 Bg7 4. O-O d6 5. c3 Nf6 6. Qa4+ Nc6 7. e5 Nd7 8. exd6
Nb6 9. dxe7 Qxe7 10. Qb3 Nxc4 11. Qxc4 Be6 12. Qb5 O-O-O 13. d3 a6 14. Qb6 Rxd3
15. Be3 c4 16. Nbd2 f5 17. Rfe1 Qd7 18. Re2 Bd5 19. Rae1 h6 20. Bd4 Nxd4 21. Re7
Nxf3+ 22. Nxf3 Bxf3 23. Rxd7 Rxd7 24. gxf3 g5 25. Qc5+ Rc7 26. Qxf5+ Kb8 27. Qd5
Rhc8 28. Re6 Rc5 29. Qd6+ Ka7 30. Qb6+ Kb8 31. Re7 R5c7 32. Rxc7 Rxc7 33. Qd6
Kc8 34. Kg2 Rc6 35. Qe7 Bf6 36. Qf8+ Bd8 37. f4 Rf6 38. Qc5+ Rc6 39. Qf5+ Kc7
40. Qf7+ Kb6 41. f5 Bc7 42. Qe7 Bd6 43. Qd8+ 1-0

[Event "Druzynowe Mistrzostwa Polski - Ekstraliga 2023"]
[Site "Lublin"]
[Date "1899-12-30"]
[Round "1.29"]
[White "Mikrut, Dariusz"]
[Black "Gumularz, Szymon"]
[Result "1/2-1/2"]
[WhiteTitle "IM"]
[BlackTitle "GM"]
[WhiteElo "2312"]
[BlackElo "2587"]

1. d4 Nf6 2. Nf3 b6 3. Bf4 Bb7 4. e3 e6 5. Nbd2 Be7 6. h3 O-O 7. Bd3 c5 8. c3 cxd4
9. exd4 d6 10. O-O Nbd7 11. Re1 Re8 12. Bh2 Qc7 13. a4 a6 14. Qe2 Bf8 15. Ne4
Nxe4 16. Bxe4 Bxe4 17. Qxe4 Nf6 18. Qe2 Qb7 19. Bf4 b5 20. Qc2 Rec8 21. Bg5 Nd5
22. Bd2 h6 23. Qb3 Qc6 24. Rec1 Nb6 25. axb5 axb5 26. Qd1 Rxa1 27. Rxa1 Nc4 28.
Bc1 d5 29. Qe2 b4 30. Bf4 bxc3 31. bxc3 Qb7 32. Qa2 Bd6 33. Rb1 Qc6 34. Bxd6 Nxd6
35. Rb3 Ra8 36. Qb1 Nc4 37. Rb8+ Rxb8 38. Qxb8+ Kh7 39. Qb1+ g6 40. Qb4 Kg7 1/2-1/2

[Event "Druzynowe Mistrzostwa Polski - Ekstraliga 2023"]
[Site "Lublin"]
[Date "1899-12-30"]
[Round "1.30"]
[White "Zawadzka, Jolanta"]
[Black "Divya, Deshmukh"]
[Result "1/2-1/2"]
[WhiteTitle "WGM"]
[BlackTitle "WGM"]
[WhiteElo "2347"]
[BlackElo "2385"]

1. e4 c5 2. Nf3 Nc6 3. Bb5 e6 4. O-O Nge7 5. d4 cxd4 6. Nxd4 Ng6 7. Be2 Be7 8.
c4 O-O 9. Nc3 b6 10. Be3 Bb7 11. Nxc6 Bxc6 12. g3 Bb4 13. Qc2 Bxc3 14. bxc3 f5
15. exf5 exf5 16. f4 Qe7 17. Bd4 Rae8 18. Bd3 Qe6 19. Qf2 Bb7 20. h3 Qc6 21. Kh2
Ba6 22. Qf3 Qxf3 23. Rxf3 Rc8 24. a4 Bxc4 1/2-1/2

[Event "Druzynowe Mistrzostwa Polski - Ekstraliga 2023"]
[Site "Lublin"]
[Date "1899-12-30"]
[Round "2.1"]
[White "Wojtaszek, Radoslaw"]
[Black "Harikrishna, Pentala"]
[Result "1/2-1/2"]
[WhiteTitle "GM"]
[BlackTitle "GM"]
[WhiteElo "2675"]
[BlackElo "2711"]

1. d4 Nf6 2. c4 e6 3. Nf3 d5 4. Nc3 Nbd7 5. Bf4 dxc4 6. e3 b5 7. Nxb5 Bb4+ 8. Nc3
Nd5 9. a3 Nxc3 10. Qd2 Bxa3 11. Qxc3 Bd6 12. Bxd6 cxd6 13. Bxc4 O-O 14. O-O a5
15. Rfc1 Bb7 16. Nd2 Nf6 17. Bf1 Ne4 18. Nxe4 Bxe4 19. f3 1/2-1/2

[Event "Druzynowe Mistrzostwa Polski - Ekstraliga 2023"]
[Site "Lublin"]
[Date "1899-12-30"]
[Round "2.2"]
[White "Grandelius, Nils"]
[Black "Abasov, Nijat"]
[Result "1-0"]
[WhiteTitle "GM"]
[BlackTitle "GM"]
[WhiteElo "2681"]
[BlackElo "2677"]

1. e4 c6 2. d4 d5 3. e5 Bf5 4. h4 h5 5. c4 e6 6. Nc3 Ne7 7. Nge2 dxc4 8. Ng3 b5
9. Bg5 Qa5 10. Be2 Nd5 11. Nxf5 exf5 12. O-O Be7 13. Bxe7 Nxe7 14. Bxh5 Nd7 15.
e6 Nf6 16. exf7+ Kf8 17. Bf3 Rd8 18. Ne2 Rxh4 19. a4 Qc7 20. g3 Rh6 21. axb5 cxb5
22. Ra6 Kxf7 23. Qa1 Rd7 24. Nf4 Nfd5 25. Nxd5 Rxa6 26. Qxa6 Nxd5 27. Qxb5 Ne7
28. Rd1 Rd6 29. Be2 c3 30. bxc3 Nd5 31. Bc4 Qd8 32. Ra1 Kg6 33. Rxa7 Nxc3 34.
Bf7+ 1-0

[Event "Druzynowe Mistrzostwa Polski - Ekstraliga 2023"]
[Site "Lublin"]
[Date "1899-12-30"]
[Round "2.3"]
[White "Kollars, Dmitrij"]
[Black "Bartel, Mateusz"]
[Result "1/2-1/2"]
[WhiteTitle "GM"]
[BlackTitle "GM"]
[WhiteElo "2641"]
[BlackElo "2621"]

1. e4 e5 2. Nf3 Nc6 3. Bc4 Nf6 4. d3 Bc5 5. O-O d6 6. c3 a5 7. Re1 h6 8. Nbd2 O-O
9. Nf1 a4 10. Ng3 Ra5 11. d4 Bb6 12. h3 exd4 13. cxd4 Nxe4 14. Nxe4 d5 15. Ned2
dxc4 16. Nxc4 Rd5 17. Nxb6 cxb6 18. Qxa4 Nxd4 1/2-1/2

[Event "Druzynowe Mistrzostwa Polski - Ekstraliga 2023"]
[Site "Lublin"]
[Date "1899-12-30"]
[Round "2.4"]
[White "Mastrovasilis, Dimitrios"]
[Black "Teclaf, Pawel"]
[Result "1/2-1/2"]
[WhiteTitle "GM"]
[BlackTitle "GM"]
[WhiteElo "2589"]
[BlackElo "2586"]

1. e4 e6 2. d4 d5 3. Nc3 Bb4 4. e5 c5 5. Bd2 Ne7 6. a3 Bxc3 7. Bxc3 b6 8. h4 Ba6
9. Bxa6 Nxa6 10. Qe2 cxd4 11. Bxd4 Nc5 12. Nf3 Rc8 13. h5 h6 14. O-O-O Nc6 15.
Kb1 Qc7 16. g4 Ne4 17. c4 O-O 18. g5 hxg5 19. h6 Nxd4 20. Rxd4 g6 21. cxd5 exd5
22. Rxd5 Qc4 23. Qxc4 Rxc4 24. h7+ Kh8 25. e6 fxe6 26. Ne5 exd5 27. Nxg6+ Kg7
28. Nxf8 Nd2+ 29. Ka2 Rh4 30. Ne6+ Kh8 31. Rd1 Nf3 32. Rxd5 g4 33. Rd7 Rh6 34.
Re7 Rf6 35. b4 Nh4 36. Ng5 Rxf2+ 37. Kb3 Ng6 38. Re8+ Nf8 39. Ka4 g3 40. Re3 g2
41. Rg3 Nxh7 1/2-1/2

[Event "Druzynowe Mistrzostwa Polski - Ekstraliga 2023"]
[Site "Lublin"]
[Date "1899-12-30"]
[Round "2.5"]
[White "Heberla, Bartlomiej"]
[Black "Gumularz, Szymon"]
[Result "1/2-1/2"]
[WhiteTitle "GM"]
[BlackTitle "GM"]
[WhiteElo "2552"]
[BlackElo "2587"]

1. e4 e5 2. Nf3 Nc6 3. d4 exd4 4. Nxd4 Nf6 5. Nxc6 bxc6 6. e5 Qe7 7. Qe2 Nd5 8.
h4 Qe6 9. g3 d6 10. c4 Nb6 11. Bg2 dxe5 12. Nd2 Be7 13. b3 f5 14. Bb2 Bf6 15.
g4 fxg4 16. Ne4 O-O 17. O-O-O Be7 18. Ng3 Rb8 19. Rd2 Bb4 20. Rc2 Nd7 21. h5 h6
22. Rd1 a5 23. Qe4 Bb7 24. Bf1 Rf4 25. Qg6 Rf6 26. Qe4 Rf4 27. Qg6 Rf6 28. Qe4
Rf4 1/2-1/2

[Event "Druzynowe Mistrzostwa Polski - Ekstraliga 2023"]
[Site "Lublin"]
[Date "1899-12-30"]
[Round "2.6"]
[White "Zawadzka, Jolanta"]
[Black "Kiolbasa, Oliwia"]
[Result "1/2-1/2"]
[WhiteTitle "WGM"]
[BlackTitle "IM"]
[WhiteElo "2347"]
[BlackElo "2387"]

1. e4 e5 2. Nf3 Nc6 3. d4 exd4 4. Nxd4 Bc5 5. Nb3 Bb6 6. Nc3 Qf6 7. Qe2 Nge7 8.
h4 h6 9. g4 d6 10. f4 Nd4 11. Nxd4 Qxd4 12. Bd2 Bd7 13. O-O-O O-O-O 14. f5 Qc5
15. Rh3 Rhe8 16. Bf4 Bc6 17. a3 a5 18. Be3 Qe5 19. Bxb6 cxb6 20. Rhd3 Qf4+ 21.
Kb1 Ng8 22. g5 hxg5 23. hxg5 Qxg5 24. Rxd6 Rxd6 25. Rxd6 Qe7 26. Qh2 Qe5 27. Qxe5
Rxe5 28. Bc4 Kc7 29. Rd1 Nf6 30. Bd3 g6 31. fxg6 fxg6 32. Rf1 Nd7 33. Rf7 Kd6
34. b4 axb4 35. axb4 b5 36. Rg7 g5 37. Be2 Nf6 38. Bf3 Nxe4 39. Rg6+ Kd7 40. Rg7+
Kc8 41. Bxe4 Bxe4 42. Nxe4 Rxe4 43. Rxg5 Rxb4+ 44. Ka2 Kc7 45. c3 Rc4 46. Kb3
Kb6 47. Rg7 Rc6 1/2-1/2

[Event "Druzynowe Mistrzostwa Polski - Ekstraliga 2023"]
[Site "Lublin"]
[Date "1899-12-30"]
[Round "2.7"]
[White "Sargissian, Gabriel"]
[Black "Pechac, Jergus"]
[Result "1/2-1/2"]
[WhiteTitle "GM"]
[BlackTitle "GM"]
[WhiteElo "2692"]
[BlackElo "2598"]

1. d4 Nf6 2. c4 e6 3. Nf3 d5 4. Nc3 Be7 5. Bf4 O-O 6. e3 Nbd7 7. c5 Nh5 8. Bd3
Nxf4 9. exf4 b6 10. b4 a5 11. a3 c6 12. O-O Ba6 13. Qe2 Bxd3 14. Qxd3 Bf6 15.
g3 Ra7 16. Rfc1 Qa8 17. Qd1 Qb7 18. Rab1 axb4 19. axb4 Rfa8 20. Kg2 Ra3 21. Ne2
g6 22. Rc2 R8a4 23. Rc3 Qa8 24. Rxa3 Rxa3 25. Ne5 Bxe5 26. fxe5 b5 27. Nc1 Qa4
28. Qd2 Kg7 29. h4 h5 30. Ne2 Ra2 31. Qd3 Qc2 32. Qxc2 Rxc2 33. Kf3 Ra2 34. Nc1
Ra4 35. Nd3 Ra3 36. Ke2 f6 37. Kd2 Ra2+ 38. Kc3 Kf7 39. exf6 Kxf6 40. Re1 Ra3+
41. Kc2 Ra2+ 42. Kb3 Rd2 43. Kc3 Ra2 44. Re3 Ke7 45. Re1 Kf6 46. f3 Kf7 47. g4
Ra3+ 48. Kc2 Ra2+ 49. Kb3 Rh2 50. Nf4 Nf8 51. Ra1 hxg4 52. fxg4 Rxh4 53. Nd3 Nd7
54. Ra7 Ke8 55. Ra8+ Ke7 56. Ra7 Ke8 1/2-1/2

[Event "Druzynowe Mistrzostwa Polski - Ekstraliga 2023"]
[Site "Lublin"]
[Date "1899-12-30"]
[Round "2.8"]
[White "Leniart, Arkadiusz"]
[Black "Tomczak, Jacek"]
[Result "0-1"]
[WhiteTitle "GM"]
[BlackTitle "GM"]
[WhiteElo "2503"]
[BlackElo "2591"]

1. d4 Nf6 2. Bf4 b6 3. Nc3 Bb7 4. Qd3 e6 5. e4 d5 6. e5 Nfd7 7. Qg3 a6 8. Be3 c5
9. f4 cxd4 10. Bxd4 Nc6 11. Nf3 b5 12. f5 Nxd4 13. Nxd4 Qb6 14. O-O-O O-O-O 15.
fxe6 fxe6 16. Be2 Bc5 17. Nxe6 Qxe6 18. Bg4 Qe7 19. Nxd5 Bxd5 20. Rxd5 Kb7 21.
Bf3 Kb6 22. Rhd1 Nb8 23. c4 Nc6 24. cxb5 axb5 25. Qf4 Rxd5 26. Rxd5 Nb4 27. Rd1
Nxa2+ 28. Kb1 Nb4 29. Qe4 Qa7 30. e6 Qa2+ 31. Kc1 Qa1+ 32. Kd2 Qxb2+ 33. Ke1 Qf2#
0-1

[Event "Druzynowe Mistrzostwa Polski - Ekstraliga 2023"]
[Site "Lublin"]
[Date "1899-12-30"]
[Round "2.9"]
[White "Laurusas, Tomas"]
[Black "Szpar, Milosz"]
[Result "1-0"]
[WhiteTitle "GM"]
[BlackTitle "IM"]
[WhiteElo "2550"]
[BlackElo "2477"]

1. d4 d5 2. c4 e6 3. Nc3 Nf6 4. cxd5 exd5 5. Bg5 c6 6. e3 Bd6 7. Bd3 O-O 8. Nf3
Re8 9. Bh4 Nbd7 10. Qc2 Nf8 11. O-O-O Ng6 12. Bg3 b5 13. Kb1 Bg4 14. Rc1 a6 15.
Nd2 c5 16. Bxd6 Qxd6 17. dxc5 Qxc5 18. h3 Bd7 19. Nf3 Qb6 20. Qb3 Qa5 21. Qa3
Qxa3 22. bxa3 Rab8 23. Rhd1 Ne5 24. Nxe5 Rxe5 25. Be2 a5 26. Bf3 Bf5+ 27. Kb2
Be4 28. Rd4 h6 29. Nxe4 dxe4 30. Bd1 Rf5 31. Rd2 h5 32. Rc7 Nd5 33. Rcc2 Nb6 34.
Rd4 Na4+ 35. Ka1 Nc5 36. Rcd2 Nd3 37. f4 exf3 38. Bxf3 Nc5 39. Rd5 Rxd5 40. Rxd5
Rc8 41. Bxh5 b4 42. Bg4 Rc7 43. axb4 axb4 44. Kb2 Kf8 45. Rd4 Ke7 46. Be2 Rb7
47. Bc4 Rb6 48. Rd5 Rc6 49. Rf5 f6 50. h4 Rc7 51. Rf4 Kd6 52. Rd4+ Ke7 53. Be2
Rb7 54. Bc4 Ra7 55. Bb3 Rd7 56. Kc2 Rb7 57. Kd2 Nd7 58. Kd3 Ne5+ 59. Ke4 Rb8 60.
Rd5 Rh8 61. g3 Rh6 62. Kf4 Rg6 63. Bd1 Rh6 64. Rb5 Kd6 65. Bc2 g5+ 66. hxg5 fxg5+
67. Kxg5 Rh2 68. Bb3 Nc6 69. g4 Re2 70. Kf4 Rf2+ 71. Kg3 Re2 72. Kf3 Rd2 73. g5
Ne5+ 74. Ke4 1-0

[Event "Druzynowe Mistrzostwa Polski - Ekstraliga 2023"]
[Site "Lublin"]
[Date "1899-12-30"]
[Round "2.10"]
[White "Nguyen, Piotr"]
[Black "Warakomski, Tomasz"]
[Result "1/2-1/2"]
[WhiteTitle "IM"]
[BlackTitle "GM"]
[WhiteElo "2394"]
[BlackElo "2533"]

1. Nf3 d5 2. g3 Nf6 3. Bg2 b5 4. O-O e6 5. d3 Bb7 6. c4 bxc4 7. dxc4 Nbd7 8. cxd5
exd5 9. Nc3 Bb4 10. Nh4 Nc5 11. Be3 Qd7 12. Rc1 Ne6 13. Qb3 c5 14. Na4 d4 15.
Bxb7 Rb8 16. Bf3 dxe3 17. a3 O-O 18. axb4 exf2+ 19. Kxf2 Rxb4 20. Nxc5 Rxb3 21.
Nxd7 Nxd7 22. Rc2 Rfb8 23. Ra1 Rxb2 24. Rxb2 Rxb2 25. Rxa7 Ne5 26. Ra8+ Nf8 27.
Bd5 g6 28. Nf3 Ng4+ 29. Ke1 Ne3 30. Ba2 Rb7 31. Ne5 Kg7 32. Kf2 Re7 33. Kxe3 Rxe5+
34. Kf2 Re7 35. Bd5 Rd7 36. e4 Rc7 37. h4 Nd7 38. g4 Ne5 39. g5 h6 40. Re8 Nd3+
41. Ke3 Nb4 42. Rb8 Na6 43. Ra8 Nc5 44. Kd4 hxg5 45. hxg5 Nd7 46. Re8 Nf8 47.
Ke5 Nh7 48. Kf4 Rc1 49. Re7 Rf1+ 50. Kg4 Rg1+ 51. Kf4 Nxg5 52. e5 Kh6 53. Re8
Rd1 54. Ba2 Rd2 55. Rh8+ Kg7 56. Ra8 Rg2 57. Bd5 Rg1 58. Re8 Nh3+ 59. Kf3 Rd1
60. Ba2 Rd2 61. Ra8 Ng1+ 62. Kf4 Rf2+ 63. Kg4 Ne2 64. Ra7 Rf4+ 65. Kh3 Nc3 66.
Kg3 Rf5 67. Bc4 Ne4+ 68. Kg4 Nf2+ 69. Kg3 Ne4+ 70. Kg4 Nd2 71. Ba2 Rxe5 72. Rxf7+
Kh6 73. Rd7 Re4+ 74. Kg3 Re2 75. Bd5 Kg5 76. Bg2 Ne4+ 77. Bxe4 Rxe4 78. Rd5+ Kf6
1/2-1/2

[Event "Druzynowe Mistrzostwa Polski - Ekstraliga 2023"]
[Site "Lublin"]
[Date "1899-12-30"]
[Round "2.11"]
[White "Kantans, Toms"]
[Black "Mikrut, Dariusz"]
[Result "1/2-1/2"]
[WhiteTitle "GM"]
[BlackTitle "IM"]
[WhiteElo "2487"]
[BlackElo "2312"]

1. e4 e5 2. Nf3 Nc6 3. Bb5 a6 4. Ba4 Nf6 5. d3 b5 6. Bb3 Be7 7. a4 Rb8 8. axb5
axb5 9. Nc3 Bc5 10. O-O d6 11. Be3 Bxe3 12. fxe3 O-O 13. Qe1 Be6 14. Nd5 Bxd5
15. exd5 Ne7 16. e4 Nd7 17. Ba2 Ng6 18. b4 f5 19. Bb3 fxe4 20. dxe4 h6 21. g3
Nf6 22. Qe2 Qd7 23. Nd2 Qh3 24. Qg2 Qd7 25. c3 Kh8 26. Ra7 Ne7 27. Qe2 Nc8 28.
Ra6 Ne7 29. Bc2 c6 30. dxc6 Qc8 31. Ra3 Nxc6 32. Bd3 Qb7 33. Nf3 Qb6+ 34. Kh1
Ne7 35. Nh4 Qc6 36. Ra7 Nfg8 37. Rxf8 Rxf8 38. Ra3 Qb6 39. Kg2 Nf6 40. Bxb5 Nxe4
41. Qxe4 Qxb5 42. Ra1 Kg8 43. Rd1 Qa6 44. c4 Qa2+ 45. Kh3 Rf2 46. Rxd6 Rxh2+ 47.
Kg4 Re2 48. Rd8+ Kf7 49. Qf3+ Ke6 50. c5 Rd2 51. Rb8 Qc2 52. Rb6+ Kd7 53. Rb7+
Ke6 54. Kh5 Qd1 55. Rb6+ Kd7 56. c6+ Nxc6 57. Rxc6 g5 58. Kxh6 gxh4 59. Qc3 Rd6+
60. Rxd6+ Qxd6+ 61. Kg5 hxg3 62. Qxg3 Qe7+ 63. Kf5 Qf8+ 64. Kg5 Qe7+ 65. Kf5 Qf8+
66. Kg5 Qe7+ 1/2-1/2

[Event "Druzynowe Mistrzostwa Polski - Ekstraliga 2023"]
[Site "Lublin"]
[Date "1899-12-30"]
[Round "2.13"]
[White "Bluebaum, Matthias"]
[Black "Nguyen, Thai Dai Van"]
[Result "1/2-1/2"]
[WhiteTitle "GM"]
[BlackTitle "GM"]
[WhiteElo "2670"]
[BlackElo "2606"]

1. c4 Nf6 2. Nc3 e5 3. e3 Nc6 4. Qb3 Bc5 5. d3 O-O 6. Nf3 d6 7. Be2 h6 8. O-O Re8
9. Rd1 e4 10. dxe4 Nxe4 11. Nxe4 Rxe4 12. Bd2 a5 13. Bc3 Re8 14. Qc2 Bb4 15. Bxb4
Nxb4 16. Qc3 Bd7 17. c5 Bc6 18. cxd6 cxd6 19. a3 Nd5 20. Qd4 a4 21. Rac1 Qa5 22.
Nd2 Nf6 23. Qxd6 Red8 24. Qb4 Qxb4 25. axb4 a3 26. b5 axb2 27. Rb1 Bxb5 28. Bxb5
Ra1 29. Rxa1 1/2-1/2

[Event "Druzynowe Mistrzostwa Polski - Ekstraliga 2023"]
[Site "Lublin"]
[Date "1899-12-30"]
[Round "2.14"]
[White "Svane, Rasmus"]
[Black "Donchenko, Alexander"]
[Result "1/2-1/2"]
[WhiteTitle "GM"]
[BlackTitle "GM"]
[WhiteElo "2641"]
[BlackElo "2679"]

1. d4 Nf6 2. c4 e6 3. Nf3 d5 4. g3 dxc4 5. Bg2 c6 6. a4 c5 7. O-O Nc6 8. dxc5 Bxc5
9. Qxd8+ Kxd8 10. Nbd2 Nd5 11. Nxc4 f6 12. Nfd2 b6 13. b3 1/2-1/2

[Event "Druzynowe Mistrzostwa Polski - Ekstraliga 2023"]
[Site "Lublin"]
[Date "1899-12-30"]
[Round "2.15"]
[White "Huschenbeth, Niclas"]
[Black "Berkes, Ferenc"]
[Result "0-1"]
[WhiteTitle "GM"]
[BlackTitle "GM"]
[WhiteElo "2607"]
[BlackElo "2622"]

1. e4 e6 2. d4 d5 3. e5 c5 4. c3 Nc6 5. Nf3 Bd7 6. Be2 Nge7 7. Na3 Nf5 8. Nc2 cxd4
9. cxd4 Be7 10. O-O O-O 11. Bd3 Rc8 12. g4 Nh4 13. Nxh4 Bxh4 14. f4 f6 15. exf6
Bxf6 16. Be3 g6 17. Qd2 Bg7 18. Rac1 a6 19. b3 Qb6 20. Rfd1 Rc7 21. Bf1 Rfc8 22.
Rb1 Na7 23. Ne1 Nb5 24. Bxb5 Bxb5 25. Qf2 Rc3 26. Rd2 Rf8 27. Ng2 Bd3 28. Re1
Be4 29. h4 Rf7 30. Kh2 Bf8 31. Rdd1 Ba3 32. Re2 Qc7 33. Kg1 Bd6 34. Rde1 b5 35.
Rd2 Bxg2 36. Qxg2 Bxf4 37. Bxf4 Qxf4 38. Rf1 Qe3+ 39. Rff2 Rxf2 40. Qxf2 Qh3 0-1

[Event "Druzynowe Mistrzostwa Polski - Ekstraliga 2023"]
[Site "Lublin"]
[Date "1899-12-30"]
[Round "2.16"]
[White "Dardha, Daniel"]
[Black "Fedorchuk, Sergey A."]
[Result "1-0"]
[WhiteTitle "GM"]
[BlackTitle "GM"]
[WhiteElo "2586"]
[BlackElo "2578"]

1. Nf3 Nf6 2. c4 b6 3. d4 e6 4. g3 Bb7 5. Bg2 Bb4+ 6. Bd2 Be7 7. O-O c6 8. b4 O-O
9. Qb3 d5 10. Nc3 Nbd7 11. Rab1 Ba6 12. b5 cxb5 13. cxd5 b4 14. dxe6 bxc3 15.
Bxc3 Bxe2 16. Rfe1 Bxf3 17. Bxf3 Rc8 18. exd7 Qxd7 19. d5 Qf5 20. Rxe7 Rxc3 21.
Qxc3 Qxb1+ 22. Kg2 Qxa2 23. Qe5 Qa3 24. g4 h6 25. h4 Qd3 26. g5 hxg5 27. hxg5
Qg6 28. d6 Nh7 29. Be4 Qxg5+ 30. Qxg5 Nxg5 31. d7 Ne6 32. Re8 g6 33. Bd5 Nd8 34.
Kf3 Kg7 35. Ke4 f6 36. Ba2 g5 37. Kd5 g4 38. Kd6 f5 39. Kc7 f4 40. Rxf8 1-0

[Event "Druzynowe Mistrzostwa Polski - Ekstraliga 2023"]
[Site "Lublin"]
[Date "1899-12-30"]
[Round "2.17"]
[White "Jakubowski, Krzysztof"]
[Black "Pultinevicius, Paulius"]
[Result "1/2-1/2"]
[WhiteTitle "GM"]
[BlackTitle "GM"]
[WhiteElo "2469"]
[BlackElo "2572"]

1. e4 c6 2. d4 d5 3. exd5 cxd5 4. Bd3 Nc6 5. c3 Qc7 6. Na3 a6 7. Nc2 Nf6 8. Ne2
Bg4 9. f3 Bh5 10. Bf4 Qb6 11. Qd2 Bg6 12. O-O-O e6 13. g4 Na5 14. Ne3 Qc6 15.
g5 Nd7 16. h4 O-O-O 17. h5 Bxd3 18. Qxd3 Bd6 19. Kb1 Kb8 20. Rh4 Ka7 21. Nc1 Be7
22. Rh2 Rc8 23. Re1 Bd6 24. Bxd6 Qxd6 25. Qe2 h6 26. gxh6 Rxh6 27. Ng4 Rh7 28.
Nd3 Rch8 29. Nge5 Nxe5 30. Nxe5 Rxh5 31. Rxh5 Rxh5 32. Nxf7 Qg3 33. Ne5 Rh2 34.
Qf1 Rg2 35. Ka1 g5 36. Rb1 Rd2 37. Qh1 Qf2 38. Qh7 Qe2 39. Qc7 Qb5 40. Nd7 Nc6
41. Nc5 e5 42. a4 Qb6 43. Qxb6+ Kxb6 44. Nd7+ Kc7 45. Nxe5 Nxe5 46. dxe5 Re2 47.
Rh1 Rxe5 48. Rh7+ 1/2-1/2

[Event "Druzynowe Mistrzostwa Polski - Ekstraliga 2023"]
[Site "Lublin"]
[Date "1899-12-30"]
[Round "2.18"]
[White "Buksa, Nataliya"]
[Black "Wagner, Dinara"]
[Result "1-0"]
[WhiteTitle "IM"]
[BlackTitle "WGM"]
[WhiteElo "2352"]
[BlackElo "2468"]

1. e4 c5 2. Nf3 d6 3. d4 cxd4 4. Nxd4 Nf6 5. Nc3 a6 6. Bc4 e6 7. a4 Nxe4 8. Nxe4
d5 9. O-O dxc4 10. Bg5 Be7 11. Bxe7 Qxe7 12. Nf5 exf5 13. Nd6+ Kf8 14. Nxc8 Qf6
15. a5 Kg8 16. Nb6 Ra7 17. Nd5 Qg5 18. Re1 h6 19. Re8+ Kh7 20. f4 Qg4 21. Qe1
Nc6 22. Rxh8+ Kxh8 23. Qe8+ Kh7 24. Qxf7 Qg6 25. Qxg6+ Kxg6 26. Nb6 Kf6 27. c3
Ke6 28. Kf2 Kf7 29. Ke3 Ke8 30. h3 g6 31. g4 Kf7 32. gxf5 gxf5 33. Kf3 Ke6 34.
Kg3 Kf6 35. Kh4 Kg6 36. Ra4 h5 37. Ra1 Kh6 38. Ra2 Kg6 39. Ra4 Kh6 40. Kg3 Kg6
41. Ra1 Kf6 42. Kf3 h4 43. Ke3 Kf7 44. Kd2 Nd8 45. Ra4 Nc6 46. Kc2 Ke8 47. Ra1
Kf7 48. b4 cxb3+ 49. Kxb3 Nd8 50. Re1 Ne6 51. Rxe6 Kxe6 52. Kc4 Kd6 53. Nc8+ Kc7
54. Nxa7 Kb8 55. Nb5 axb5+ 56. Kxb5 1-0

[Event "Druzynowe Mistrzostwa Polski - Ekstraliga 2023"]
[Site "Lublin"]
[Date "1899-12-30"]
[Round "2.19"]
[White "Ivanchuk, Vasyl"]
[Black "Navara, David"]
[Result "1/2-1/2"]
[WhiteTitle "GM"]
[BlackTitle "GM"]
[WhiteElo "2664"]
[BlackElo "2688"]

1. Nf3 d5 2. d4 Nf6 3. c4 e6 4. Nc3 Bb4 5. Bg5 h6 6. Bxf6 Qxf6 7. Qa4+ Nc6 8. e3
O-O 9. Be2 dxc4 10. O-O Bd7 11. Bxc4 Bxc3 12. bxc3 Rfd8 13. Bb5 Be8 14. Qc2 Qe7
15. Qe4 a6 16. Bd3 f5 17. Qf4 g5 18. Qg3 Qd6 19. Rae1 Qxg3 20. fxg3 Na5 21. Ne5
Nc6 22. Nxc6 bxc6 23. Bc4 Bf7 24. e4 Rd7 25. Bb3 Rb8 26. h4 gxh4 27. gxh4 Rb5
28. Re3 Kg7 29. Rg3+ Kf6 30. e5+ Ke7 31. Rg7 Kf8 32. Rh7 h5 33. Kh2 Kg8 34. Rh6
Kg7 35. Rf6 c5 36. Bxe6 Bxe6 37. Rxe6 cxd4 38. cxd4 Rxd4 39. Rxf5 Rxh4+ 40. Kg1
Rb6 41. Rff6 Rxe6 42. Rxe6 Ra4 43. Re7+ Kg6 44. Rxc7 Rxa2 45. e6 Kf6 46. e7 Re2
47. Rc6+ Kg5 48. Rxa6 Rxe7 1/2-1/2

[Event "Druzynowe Mistrzostwa Polski - Ekstraliga 2023"]
[Site "Lublin"]
[Date "1899-12-30"]
[Round "2.20"]
[White "Tari, Aryan"]
[Black "Oleksiyenko, Mykhaylo"]
[Result "1/2-1/2"]
[WhiteTitle "GM"]
[BlackTitle "GM"]
[WhiteElo "2635"]
[BlackElo "2587"]

1. e4 e5 2. Nf3 Nf6 3. d4 Nxe4 4. dxe5 d5 5. Nbd2 Qd7 6. Bd3 Nc5 7. Be2 Ne6 8.
O-O Be7 9. Re1 c5 10. Nf1 Nc6 11. Ng3 b6 12. Nf5 Bf8 13. h4 Bb7 14. Ng5 O-O-O
15. Bg4 h6 16. Nd6+ Bxd6 17. Nxe6 fxe6 18. exd6 Rde8 19. Bf4 g5 20. Bh2 gxh4 21.
c3 Rhg8 22. Bh3 Nd8 23. Qe2 Kb8 24. b4 c4 25. a4 Rg6 26. Qh5 Reg8 27. Qxh4 Qg7
28. Bg3 Qxc3 29. a5 Rxg3 30. fxg3 Qxg3 31. Qxg3 Rxg3 32. Rf1 Rg7 33. Rf8 Rd7 34.
a6 Bc6 35. Bxe6 1/2-1/2

[Event "Druzynowe Mistrzostwa Polski - Ekstraliga 2023"]
[Site "Lublin"]
[Date "1899-12-30"]
[Round "2.21"]
[White "Galperin, Platon"]
[Black "Piorun, Kacper"]
[Result "1/2-1/2"]
[WhiteTitle "GM"]
[BlackTitle "GM"]
[WhiteElo "2571"]
[BlackElo "2594"]

1. d4 d5 2. Nf3 Nf6 3. Bf4 c5 4. e3 Nc6 5. Nbd2 cxd4 6. exd4 Nh5 7. Be3 e6 8. c3
Bd6 9. Ne5 Nf6 10. f4 Qb6 11. Qb3 Ng8 12. Bf2 f6 13. Nd3 Nge7 14. Qc2 Qc7 15.
g3 O-O 16. Bh3 e5 17. Bxc8 Raxc8 18. dxe5 fxe5 19. fxe5 Bxe5 20. O-O Rf6 21. Rae1
Rcf8 22. Nxe5 Nxe5 23. Bd4 Rxf1+ 1/2-1/2